000 00587nam a2200181 i 4500
001 30943
003 ES-MaACL
007 t|
008 030127s1924 fr ||||1| fre d
100 1 _aBaruzi, Jean.
_926215
245 1 0 _aSaint Jean de la Croise et le probleme de l'experience mystique /
_cJean Baruzi.
260 _aEvreux :
_b[s.n.,
_c1924] (
_fCh. Herissey)
300 _aVII, 790 p. ;
_c23 cm.
490 1 _aBibliothèque de philosophie contemporaine
830 0 _aBibliothèque de philosophie contemporaine
_9181027
852 _aES-MaACL
_jB-6186
_bR.4823
999 _c30943
_d30943